NCAA College Teams by State: North Carolina - Statistics

General Stats
  • This quiz has been taken 157 times
    148 since last reset
  • The average score is 20 of 46
Answer Stats
% Correct
Division I-A Duke Blue Devils
99%
Division I-A NC State Wolfpack
97%
Division I-A North Carolina Tar Heels
97%
Division I-A Wake Forest Demon Deacons
92%
Division I-A Appalachian State Mountaineers
88%
Division I-A Charlotte 49ers
87%
Division I-A East Carolina Pirates
86%
Division I-AA North Carolina A&T Aggies
71%
Division I-AA Campbell Fighting Camels
70%
Division I-AA UNC Wilmington Seahawks
68%
Division I-AA Western Carolina Catamounts
68%
Division I-AA Elon Phoenix
65%
Division I-AA UNC Asheville Bulldogs
63%
Division I-AA North Carolina Central Eagles
59%
Division I-AA Davidson Wildcats
56%
Division I-AA UNC Greensboro Spartans
56%
Division I-AA Gardner-Webb Runnin' Bulldogs
54%
Division I-AA High Point Panthers
48%
Division I-AA Queens Royals
46%
Division III Greensboro Pride
38%
Division II UNC Pembroke Braves
34%
Division II Fayetteville State Broncos
30%
Division II Winston-Salem State Rams
28%
Division II Elizabeth City State Vikings
27%
Division III Guilford Quakers
27%
Division II Shaw Bears
27%
Division II Lenoir-Rhyne Bears
25%
Division III Meredith Angels
25%
Division III Brevard Tornados
24%
Division II Wingate Bulldogs
23%
Division II Catawba Indians
22%
Division II Barton Bulldogs
21%
Division II Chowan Hawks
21%
Division II Mars Hill Lions
21%
Division III Methodist Monarchs
21%
Division II Mount Olive Trojans
21%
Division III William Peace Pacers
21%
Division II Belmont Abbey Crusaders
20%
Division II Johnson C. Smith Golden Bulls
20%
Division II Lees-McRae Bobcats
19%
Division II Saint Augustine's Falcons
18%
Division III Pfeiffer Falcons
17%
Division II Livingstone Blue Bears
16%
Division III North Carolina Wesleyan Battling Bishops
16%
Division III Warren Wilson Owls
16%
Division III Salem College Spirits
13%
No matching quizzes found
Score Distribution
Percent of People with Each Score
Percentile by Number Answered
Your Score History
You have not taken this quiz since the last reset